[Event "Suedwestfalen-ch U18"]
[Site "Meinerzhagen"]
[Date "2004.04.06"]
[Round "5"]
[White "Zhang, Fan"]
[Black "Riese, Florian"]
[Result "1-0"]
[WhiteElo "1907"]
[BlackElo "1555"]
[PlyCount "71"]
[EventDate "2004.04.03"]
[EventType "tourn"]
[EventRounds "7"]
[EventCountry "GER"]
[SourceTitle "EXT 2006"]
[Source "ChessBase"]
[SourceDate "2005.11.24"]
[SourceVersion "1"]
[SourceVersionDate "2005.11.24"]
[SourceQuality "1"]

1. d4 e6 2. Nf3 Nf6 3. Bg5 Be7 4. e3 b6 5. Be2 Bb7 6. c4 d5 7. Nc3 h6 8. Bh4 Nbd7 9. Rc1 c6 10. cxd5 Nxd5 11. Nxd5 Bxh4 12. Nxh4 cxd5 13. Nf3 0-0 14. 0-0 Rc8 15. Qd2 Qe7 16. h3 Nf6 17. Bd3 Rc7 18. Rxc7 Qxc7 19. Rc1 Qe7 20. Ne5 Rc8 21. Rxc8+ Bxc8 22. Qc3 Qb7 23. a3 Bd7 24. Qb4 Be8 25. Qd6 Qc8 26. Qe7 Qb8 27. g4 Qc8 28. h4 a5 29. g5 hxg5 30. hxg5 Ne4 31. Kg2 Nd2 32. Ba6 Qb8 33. g6 fxg6 34. Qxe6+ Kh8 35. Qxd5 Qc7 36. Qa8 1-0

[Event "GER-chT U12"]
[Site "Verden"]
[Date "2000.12.30"]
[Round "7.2"]
[White "Becker, Nils"]
[Black "Riese, Florian"]
[Result "0-1"]
[WhiteElo "1165"]
[BlackElo "940"]
[PlyCount "79"]
[EventDate "2000.12.26"]
[EventType "team"]
[EventRounds "7"]
[EventCountry "GER"]
[SourceTitle "EXT 2008"]
[Source "ChessBase"]
[SourceDate "2007.11.25"]
[SourceVersion "1"]
[SourceVersionDate "2007.11.25"]
[SourceQuality "1"]
[WhiteTeam "Ruedersdorf U12"]
[BlackTeam "Chemnitz USG U12"]
[WhiteTeamCountry "GER"]
[BlackTeamCountry "GER"]

1. Nf3 e6 2. g3 Be7 3. Bg2 Nf6 4. 0-0 0-0 5. d3 c5 6. Nbd2 d5 7. e4 Re8 8. exd5 exd5 9. c4 Bf5 10. Qb3 Nc6 11. Ne1 Na5 12. Qc3 d4 13. Qc2 Bg4 14. Nef3 Rb8 15. h3 Bf5 16. Nb3 Nxb3 17. Qxb3 b6 18. Bf4 Bd6 19. Bg5 a6 20. Bd2 Qd7 21. Kh2 Be6 22. Qc2 Qc7 23. a3 Nh5 24. Be1 Bd7 25. Qd1 Re7 26. Nxd4 cxd4 27. Qxh5 Re5 28. Qd1 Rbe8 29. Bb4 a5 30. Bxd6 Qxd6 31. Qb3 a4 32. Qa2 Qf6 33. Kg1 Bc6 34. Rad1 Bxg2 35. Kxg2 Qc6+ 36. Kg1 Qf3 37. Qb1 Rh5 38. Kh2 Qg4 39. Kg2 Qxh3+ 40. Kf3 0-1